|
|
|
|
| LEADER |
00000nab a2200000 r4500 |
| 001 |
vtls011763157 |
| 003 |
SK-MaSNL |
| 005 |
20260304034549.0 |
| 008 |
180620c2018 xo wr|p|||||||000 b|slo |
| 015 |
|
|
|a SNBRB2018/06
|
| 038 |
|
|
|a PPPK
|
| 040 |
|
|
|a PPPKCL
|b slo
|e rda
|
| 041 |
0 |
|
|a slo
|
| 043 |
|
|
|a e-xo---
|
| 044 |
|
|
|a xo
|c SK
|
| 072 |
|
7 |
|a 94(437.6)
|x Dejiny Slovenska
|2 konspekt
|
| 080 |
|
|
|a 94(437)"1918"
|2 2011
|
| 080 |
|
|
|a 911.375(091)
|2 2011
|
| 080 |
|
|
|a 005.745
|2 2011
|
| 100 |
1 |
|
|a Ovšonka, Rastislav,
|d 1972-
|4 aut
|9 194552
|
| 245 |
1 |
0 |
|a Československo k nám prišlo obrneným vlakom
|c Rastislav Ovšonka ; Foto z archívu Jaroslava Špitálskeho, Rota Nazdar, Praha
|
| 300 |
|
|
|b Fotografie
|
| 336 |
|
|
|a text
|b txt
|2 rdacontent
|
| 337 |
|
|
|a bez média
|b n
|2 rdamedia
|
| 338 |
|
|
|a zväzok
|b nc
|2 rdacarrier
|
| 610 |
2 |
7 |
|a Podtatranská knižnica (Poprad, Slovensko)
|2 pppkcl
|9 32800
|
| 611 |
2 |
7 |
|a Vznik Československa - vplyv na rozvoj Popradu a okolia (konferencia)
|d (2018 :
|c Poprad, Slovensko)
|2 pppkcl
|9 1317512
|
| 648 |
|
7 |
|a 5.6.2018
|2 pppkcl
|9 1317513
|
| 650 |
0 |
7 |
|a vznik Československa (1918)
|2 pppkcl
|9 134041
|
| 650 |
0 |
7 |
|a dejiny miest
|2 pppkcl
|9 164833
|
| 650 |
0 |
7 |
|a konferencie
|2 pppkcl
|9 19221
|
| 651 |
|
7 |
|a Poprad (Slovensko)
|2 pppkcl
|9 20155
|
| 651 |
|
7 |
|a Poprad (Slovensko : okres)
|2 pppkcl
|9 28675
|
| 700 |
1 |
|
|a Špitálsky, Jaroslav
|4 pht
|9 1317514
|
| 773 |
0 |
|
|t Podtatranské noviny
|g Roč. LIX, č. 24 (2018), s. 2
|x 1210-2423
|
| 852 |
|
|
|a PPPK
|b KIS3GCP
|
| 999 |
|
|
|c 2653770
|d 2655700
|